LEADER 01311nam a2200301 i 4500 001 000000106014 003 CaOOAMICUS 005 20030916000000.0 008 030916s1995 it u000 u ita u 013 $a78208 020 $a88-343-2311-4 040 $aSeMil$bita 100 1 $aMartini, Carlo Maria,$c.$0(OLS)http://semarc/name/89159 245 10$aCento anni di cammino biblico /$cCarlo Maria Martini, Giuseppe Ghiberti, Mauro Pesce. 260 $aMilano :$bVita e Pensiero,$c1995. 300 $aX, 114 p. ;$c20 cm. 500 $aFondo Card. C.M. Martini. 650 4$aEsegesi biblica - Storia.$0(OLS)http://semarc/subject/90 650 4$aBibbia - Interpretazione - Storia - Sec. 20.$0(OLS)http://semarc/subject/18449 700 1 $aPesce, Mauro,$d<1941- >.$0(OLS)http://semarc/name/15916 700 1 $aGhiberti, Giuseppe <1934- >.$0(OLS)http://semarc/name/15966 850 $aSeMil 852 $aSeMil$W1$xVenegono$y1$m2V I 210$j62169$B62169$CSeMilBibl$Z2$F92090 $81 941 1 $a4 961 $aOmaggio: Martini Card. Carlo Maria 996 $6020$a88-343-2311-4$9(OLS)http://semarc/number/86416 996 $6245$aCento anni di cammino biblico$9(OLS)http://semarc/title/153643 996 $6260$aMilano :$bVita e Pensiero$9(OLS)http://semarc/publisher/29642 LEADER 00985nam a2200241 i 4500 001 000000121534 003 CaOOAMICUS 005 20170606000000.0 008 170606s1997 it u000 u ita u 013 $a94229 040 $aSeMil$bita 100 1 $aAgasso, Domenico,$d<1921-2020>.$0(OLS)http://semarc/name/17389 245 10$aFigli minori del Vangelo /$cDomenico Agasso ; presentazione di Marco Beck. 260 $aMilano :$bPeriodici San Paolo,$c1997. 300 $a106 p. ;$c20 cm. 500 $aSupplemento a: Jesus, 1997, febbraio. 650 4$aBibbia - Personaggi.$0(OLS)http://semarc/subject/4777 700 1 $aBeck, Marco,$d<1949- >.$0(OLS)http://semarc/name/4706 850 $aSeMil 852 $aSeMil$W1$xVenegono$y1$m2Y I 154$j76603$B76603$CSeMilBibl$Z2$F78211 $81 961 $aLascito: Coronelli don Renato 996 $6245$aFigli minori del Vangelo$9(OLS)http://semarc/title/407834 996 $6260$aMilano :$bPeriodici San Paolo$9(OLS)http://semarc/publisher/33926